000
00398nam a22001697a 4500
003
MPLRDC
005
20220104123453.0
008
210129b ||||| |||| 00| 0 eng d
082
_a
424.1 CX
100
_a
程羲编译
245
_a
减肥体操
_c
260
_a
_b
星光出版社
_c
1982
300
_b
平
490
_a
双子星丛书. 177
650
_a
健身体操
942
_c
BK
_o
424.1 CX
999
_c
11682
_d
11672